<?xml version="1.0" encoding="UTF-8"?>
<marc:record xmlns:marc="http://www.loc.gov/MARC21/slim">
   <marc:leader>00000nam a2200000 a 4500</marc:leader>
   <marc:datafield ind1="0" ind2="0" tag="245">
      <marc:subfield code="a">Alvin und die Chipmunks: Road Chip, 1 DVD. Tl.4</marc:subfield>
   </marc:datafield>
   <marc:datafield ind1="0" ind2="0" tag="245">
      <marc:subfield code="c">Regisseur Walt Becker; Schauspieler Jason Lee; Kimberly Williams-Paisley</marc:subfield>
   </marc:datafield>
   <marc:datafield ind1=" " ind2="1" tag="264">
      <marc:subfield code="b">20th Century Fox</marc:subfield>
      <marc:subfield code="c">2016</marc:subfield>
   </marc:datafield>
   <marc:datafield ind1="1" ind2=" " tag="520">
      <marc:subfield code="a">Mach dich auf den Weg mit Alvin und den Chipmunks in ihrem vierten Abenteuer! Ihre Reise quer durchs Land nach Miami wird zu einem wilden Roadtrip mit aufregenden Verfolgungsjagden, lustigen Verwechslungen und packender Musik.</marc:subfield>
   </marc:datafield>
   <marc:datafield ind1=" " ind2=" " tag="020">
      <marc:subfield code="a">4010232068026</marc:subfield>
      <marc:subfield code="9">4010232068026</marc:subfield>
   </marc:datafield>
   <marc:datafield ind1=" " ind2=" " tag="500">
      <marc:subfield code="a">Technische Angaben: Bildformat: 16:9 (1.85:1) Sprachen (Tonformat): Deutsch DD 5.1/Englisch DD 5.1/Französisch Untertitel: Deutsch/Englisch/Französisch Extras: Alvin und die Chipmunks: Was bisher geschah, Die ultimative Playlist/Jukebox, Musikvideos (mit </marc:subfield>
   </marc:datafield>
   <marc:datafield ind1="0" ind2=" " tag="490">
      <marc:subfield code="v">0</marc:subfield>
   </marc:datafield>
   <marc:datafield ind1=" " ind2=" " tag="300">
      <marc:subfield code="a">ca. 88 Min. [1 DVD]</marc:subfield>
   </marc:datafield>
</marc:record>
